Second-wave enterprise resource planning systems : Implementing for effectiveness
In this book, the editors have assembled some of the world's best research on ERP systems, with a view to providing a foundation for second wave improvements to enterprise systems
Kaydedildi:
| Materyal Türü: | Kitap |
|---|---|
| Dil: | Undetermined |
| Baskı/Yayın Bilgisi: |
Cambridge
Cambridge University Press
2003
|
| Konular: | |
| Etiketler: |
Etiketle
Etiket eklenmemiş, İlk siz ekleyin!
|
| Thư viện lưu trữ: | Trung tâm Học liệu Trường Đại học Cần Thơ |
|---|
| LEADER | 00983nam a2200205Ia 4500 | ||
|---|---|---|---|
| 001 | CTU_167067 | ||
| 008 | 210402s9999 xx 000 0 und d | ||
| 020 | |c 108 | ||
| 082 | |a 658.4012 | ||
| 082 | |b S445 | ||
| 245 | 0 | |a Second-wave enterprise resource planning systems : | |
| 245 | 0 | |b Implementing for effectiveness | |
| 245 | 0 | |c edited by Graeme Shanks, Peter B. Seddon, Leslie P. Willcocks | |
| 260 | |a Cambridge | ||
| 260 | |b Cambridge University Press | ||
| 260 | |c 2003 | ||
| 520 | |a In this book, the editors have assembled some of the world's best research on ERP systems, with a view to providing a foundation for second wave improvements to enterprise systems | ||
| 650 | |a Management information systems,Information resources management,Business planning,Hệ thống quản lí thông tin,Quản lí nguồn tài nguyên thông tin,Hoạch định kế hoạch kinh doanh | ||
| 904 | |i Lan Anh | ||
| 980 | |a Trung tâm Học liệu Trường Đại học Cần Thơ | ||